Statistics for Highest Grossing Movies Ever

Click here to take the quiz!

General Stats

  • This quiz has been taken 21 times
  • The average score is 16 of 50

Answer Stats

YearEarningsAnswer% Correct
2009-$2,847,246,203Avatar
100%
2012-$1,518,815,515The Avengers
86%
1997-$2,201,647,264Titanic
81%
2019-$2,797,501,328Avengers: Endgame
67%
2018-$2,048,359,754Avengers: Infinity War
62%
2008-$1,005,973,645The Dark Knight
62%
2018-$1,347,597,973Black Panther
57%
2016-$1,153,337,496Captain America: Civil War
57%
2013-$1,214,811,252Iron Man 3
57%
2015-$1,402,809,540Avengers: Age of Ultron
48%
2003-$1,146,030,912The Lord Of The Rings: The Return Of The King
48%
2021-$1,380,509,396Spider-Man: No Way Home
43%
2015-$2,069,521,700Star Wars: The Force Awakens
43%
2017-$1,332,698,830Star Wars: The Last Jedi
43%
1994-$1,063,611,805The Lion King
43%
2019-$1,662,899,439The Lion King
43%
2010-$1,066,970,811Toy Story 3
38%
2019-$1,074,419,384Joker
33%
2019-$1,131,927,996Spider-Man: Far From Home
33%
1999-$1,027,082,707Star Wars: The Phantom Menace
33%
2019-$1,074,149,279Star Wars: The Rise Of Skywalker
33%
2012-$1,081,142,612The Dark Knight Rises
33%
2019-$1,073,394,593Toy Story 4
33%
2017-$1,273,576,220Beauty And The Beast
29%
2013-$1,281,508,100Frozen
29%
2019-$1,450,026,933Frozen 2
29%
2011-$1,342,321,665Harry Potter And The Deathly Hallows: Part 2
29%
2019-$1,050,693,953Aladdin
24%
2019-$1,128,462,972Captain Marvel
24%
2016-$1,028,570,942Finding Dory
24%
2010-$977,043,483Harry Potter And The Deathly Hallows: Part 1
24%
1993-$1,033,928,303Jurassic Park
24%
2015-$1,670,516,444Jurassic World
24%
2012-$1,108,569,499Skyfall
19%
2018-$1,148,485,886Aquaman
14%
2015-$1,159,444,662Minions
14%
2017-$1,236,005,118The Fate Of The Furious
14%
2015-$1,515,341,399Furious 7
10%
2018-$1,243,089,244Incredibles 2
10%
2018-$1,310,466,296Jurassic World: Fallen Kingdom
10%
2006-$1,066,179,747Pirates Of The Caribbean: Dead Man's Chest
10%
2016-$1,056,057,720Rogue One: A Star Wars Story
10%
2012-$1,017,003,568The Hobbit: An Unexpected Journey
10%
2016-$1,024,121,104Zootopia
10%
2010-$1,025,468,216Alice In Wonderland
5%
2017-$1,034,800,131Despicable Me 3
5%
2001-$1,016,813,075Harry Potter And The Sorceror's Stone
5%
2011-$1,045,713,802Pirates Of The Caribbean: On Stranger Tides
5%
2014-$1,104,054,072Transformers: Age Of Extinction
5%
2011-$1,123,794,079Transformers: Dark Of The Moon
5%

Score Distribution

Percentile by Number Answered

Percent of People with Each Score

Your Score History

You have not taken this quiz